| 000 | 00511nam a22001817a 4500 | ||
|---|---|---|---|
| 005 | 20180704155957.0 | ||
| 010 | _aB-217741 | ||
| 020 |
_a81840500070 _c550.00 |
||
| 035 | _aB-217741 | ||
| 037 | _bReference Press | ||
| 082 | _a302.2 | ||
| 100 | _aNandi, Charles | ||
| 245 |
_aPrinciples of communication/ _cby Charles Nandi |
||
| 260 |
_aNew Delhi _bReference Press _c2006 |
||
| 300 |
_a238p. _c22cm(Hb) |
||
| 942 |
_2ddc _cEN _h302.2 _mNAN |
||
| 999 |
_c153379 _d153379 |
||